000 00409nam a2200145Ia 4500
008 231129s2006||||xx |||||||||||||| ||spa||
020 _a84-205-4619-4
040 _bspa
082 _a658.48 B811m
100 _aBradley Frank
245 0 _aMarketing internacional
260 _c2006
264 _aMadrid España : Pearson Educación Prentice Hall
942 _2ddc
_cBKS
999 _c20684
_d20684